Eurovision 2025 - Semi-final 1 - Statistics

General Stats
  • This quiz has been taken 185 times
  • The average score is 13 of 15
Answer Stats
Participants % Correct
Iceland
97%
Portugal
94%
Sweden
94%
Estonia
93%
Albania
92%
Belgium
92%
Norway
92%
Ukraine
92%
Slovenia
87%
Poland
86%
Azerbaijan
85%
Croatia
84%
Cyprus
84%
Netherlands
84%
San Marino
82%
No matching quizzes found
Score Distribution
Percent of People with Each Score
Percentile by Number Answered
Your Score History
You have not taken this quiz